| 000 | 00645nam a2200181 i 4500 | ||
|---|---|---|---|
| 001 | 56173 | ||
| 003 | ES-MaACL | ||
| 005 | 20230906163312.0 | ||
| 007 | t| | ||
| 008 | 031003s1952 sp f |||| | spa d | ||
| 100 | 1 |
_aDíaz-Plaja, Guillermo, _d1909-1984 _9162428 |
|
| 245 | 1 | 3 |
_aLa voz iluminada : _bnotas sobre el teatro a través de un cuarto de siglo / _cGuillermo Díaz-Plaja. |
| 260 |
_aBarcelona : _bInstituto del Teatro Español, _c1952 ( _fCasa Provincial de Caridad, Imp. Escuela) |
||
| 300 |
_a284 p., 1 lám. ; _c17 cm. |
||
| 650 | 4 |
_aTeatro- _yS.XX- _xHistoria y crítica. _917323 |
|
| 852 | 4 |
_aES-MaACL _jC-8951 |
|
| 999 |
_c56173 _d56173 |
||